اكتمل التصدير — 

Von Meroe bis Indien : Fremdvölkerlisten und nubische Gabenträger in den griechisch-römischen Tempeln /

محفوظ في:

المؤلف الرئيسي: Kockelmann, Holger (مؤلف)

مؤلفون آخرون: Rickert, Alexa.

التنسيق: كتاب

اللغة: German

منشور في: Wiesbaden : Harrassowitz Verlag, 2015.

سلاسل: Studien zur spätägyptischen Religion ; 12.
SSR ; 12.

الموضوعات:

الوسوم: إضافة وسم

لا توجد وسوم, كن أول من يضع وسما على هذه التسجيلة!

رقم الطلب: PJ1521 .K63

LEADER 01315nam a22003617a 4500
001 24809
003 OSt
005 20251020090627.0
008 251020t2015 gw ab g b 001 0 ger d
020 |a 3447100109 
020 |a 9783447100106 
040 |c ARCE Library 
043 |a f-ua--- 
050 1 4 |a PJ1521  |b .K63 
100 1 |a Kockelmann, Holger,  |e author  |9 34070 
245 1 0 |a Von Meroe bis Indien :   |b Fremdvölkerlisten und nubische Gabenträger in den griechisch-römischen Tempeln /   |c Holger Kockelmann und Alexa Rickert. 
246 3 0 |a Fremdvölkerlisten und nubische Gabenträger in den griechisch-römischen Tempeln 
264 1 |a Wiesbaden :   |b Harrassowitz Verlag,   |c 2015. 
300 |a x, 357 pages :   |b illustrations (some color), maps (some color) ;   |c 31 cm. 
490 1 |a Studien zur spätägyptischen Religion ;  |v 12. 
490 1 |a SSR ;   |v 12. 
504 |a Includes bibliographical references (pages 293-334) and indexes. 
650 0 |a Inscriptions, Egyptian. 
650 0 |a Nubians  |z Egypt  |z Philae. 
650 0 |a Temples  |z Egypt. 
651 0 |a Egypt  |x Antiquities. 
651 0 |a Philae (Egypt)  |x Antiquities. 
700 1 |a Rickert, Alexa.  |9 38452 
830 0 |a Studien zur spätägyptischen Religion ;   |v 12. 
830 0 |a SSR ;   |v 12. 
901 |a reviewed 
942 |c BK  |2 lcc 
999 |c 23166  |d 23166